Текст томруулах:    
Catalogue innovations (Бичлэгийн дугаар. 146166)
000 -УДИРДЛАГА
Удирдлага 00475nam a22001817a 4500
003 - ХЯНАЛТЫН ТОО ТОДОРХОЙЛОГЧ
Код MN-UlNUM
005 - БИЧИЛТ ХИЙСЭН ОГНОО
Тухайн бичилтийг бичсэн засварласан сүүлийн огноо 20260112161217.0
008 - ЕРӨНХИЙ МЭДЭЭЛЭЛ
Ерөнхий мэдээлэл 260112s1993 xxu||||| |||| 00| 0 eng d
040 ## - БИЧЛЭГ ҮҮСГЭГЧ БАЙГУУЛЛАГА
Бичлэг үүсгэгч номын сангийн код МУИС-ийн номын сан
084 ## - ББК АНГИЛАЛ
Нэмэлт тусгалт Гарын авлага
ББК ангилал 78.5
Зохиогчийн гурван тэмдэгт C 31
Мэдлэгийн ялгаа 78 - Номын сан судлал
245 ## - ҮНДСЭН ГАРЧИГ
Номын нэр Catalogue innovations
Бага гарчгийн мэдээ Session Summaries and Participants contributions
Оролцогчдын тухай мэдээ editor John Blakey
260 ## - ГАРАЛТЫН МЭДЭЭ
Хэвлэгдсэн он 1993
300 ## - МАТЕРИАЛЫН ТОДОРХОЙЛОЛТ
хуудасны тоо 222p. :
500 ## - Тайлбар
Дансны дугаар БС 4946
546 ## - ХЭЛНИЙ ТУХАЙ МЭДЭЭ
Хэл Англи хэл дээр,
942 ## - ЭЛЕМЕНТИЙН ТӨРӨЛ
Зүйлийн төрөл Ном